Obese Countries with the Most McDonalds per Capita - Statistics

General Stats
  • This quiz has been taken 71 times
  • The average score is 10 of 20
Answer Stats
Answer Value % Correct
United States 49.32
100%
Canada 46.59
87%
United Kingdom 44.11
87%
Australia 46.91
75%
Germany 42.01
68%
Ireland 44.25
62%
New Zealand 47.31
57%
Kuwait 47.76
50%
Saudi Arabia 42.88
50%
United Arab Emirates 46.67
49%
Qatar 46.48
47%
Bahrain 44.6
44%
Israel 42.47
41%
Bahamas 42.85
29%
Luxembourg 41.95
26%
Malta 43.5
26%
Samoa 45.54
26%
Panama 42.33
24%
Andorra 49.74
19%
Cyprus 43.67
16%
No matching quizzes found
Score Distribution
Percent of People with Each Score
Percentile by Number Answered
Your Score History
You have not taken this quiz